Pokémon Moves- Grass Type - Statistics

General Stats
  • This quiz has been taken 320 times
  • The average score is 41 of 59
Answer Stats
Gen Move % Correct
II Giga Drain
97%
I Vine Whip
96%
I Absorb
94%
I Mega Drain
93%
I Solar Beam
92%
I Spore
91%
III Leaf Blade
90%
I Sleep Powder
90%
IV Leaf Storm
88%
I Leech Seed
88%
I Razor Leaf
87%
VI Grassy Terrain
84%
III Ingrain
82%
IV Energy Ball
81%
III Frenzy Plant
81%
IV Seed Bomb
81%
VII Solar Blade
81%
I Stun Spore
81%
IV Wood Hammer
81%
III Bullet Seed
79%
II Synthesis
79%
VII Leafage
78%
I Petal Dance
78%
V Grass Pledge
76%
V Horn Leech
74%
V Leaf Tornado
74%
III Grass Whistle
72%
IV Power Whip
72%
IV Grass Knot
71%
VI Petal Blizzard
71%
VIII Grassy Glide
70%
IV Seed Flare
70%
VII Bloom Doom
69%
VI Spiky Shield
68%
VIII Drum Beating
67%
VIII Max Overgrowth
67%
III Aromatherapy
66%
VII Trop Kick
66%
II Cotton Spore
63%
IX Flower Trick
62%
III Magical Leaf
61%
III Needle Arm
60%
IV Worry Seed
59%
VIII Apple Acid
58%
V Cotton Guard
58%
VIII Branch Poke
57%
VII Strength Sap
57%
VIII G-Max Drum Solo
56%
VIII Jungle Healing
54%
VIII Grav Apple
53%
IX Trailblaze
53%
VI Forest's Curse
52%
VIII G-Max Vine Lash
50%
VIII G-Max Tartness
49%
VIII G-Max Sweetness
48%
VIII Chloroblast
47%
VII Sappy Seed
44%
IX Spicy Extract
43%
VIII Snap Trap
37%
No matching quizzes found
Score Distribution
Percent of People with Each Score
Percentile by Number Answered
Your Score History
You have not taken this quiz